Paesi più vicini all'Antartide - Statistics

Statistiche generali
  • Questo quiz è stato fatto 26 volte
    25 dall'ultimo reset
  • Il punteggio medio è 13 su 15
Statistiche sulle risposte
Continente Paese % Corretto
Sudamerica Argentina
100%
Oceania Australia
100%
Sudamerica Cile
100%
Oceania Nuova Zelanda
100%
Africa Sudafrica
100%
Sudamerica Uruguay
100%
Africa Lesotho
96%
Africa Mozambico
96%
Sudamerica Brasile
91%
Africa Namibia
91%
Africa Swaziland
83%
Africa Botswana
78%
Africa Zimbabwe
78%
Oceania Vanuatu
52%
Africa Malawi
48%
Nessun quiz corrispondente trovato
Distribuzione punteggi
Percentuale di utenti per punteggio
Percentile per numero di risposta
I tuoi punteggi nel tempo
Non hai fatto questo quiz dall'ultimo reset